Museu impressionista ilustrado (Record no. 116911)

MARC details
000 -LÍDER
campo de controle de tamanho fixo 01000 a2200229 4500
001 - NÚMERO DE CONTROLE
campo de controle 116911
020 ## - ISBN - INTERNATIONAL STANDARD BOOK NUMBER
ISBN - International Standard Book Number 9781474944274
020 ## - ISBN - INTERNATIONAL STANDARD BOOK NUMBER
Informação qualificadora enc.
041 ## - CÓDIGO DE IDIOMA
Código do idioma do texto/trilha sonora ou título diferente por
082 ## - CDD - CLASSIFICAÇÃO DECIMAL DE DEWEY
Número de Classificação 700
040 ## - FONTE DA CATALOGAÇÃO
Instituição da catalogação original BR-BrIDEA
Instituição que transcreveu o registro BR-BrIDEA
090 ## - NÚMERO DE CHAMADA LOCAL
Número de chamada (OCLC) (R); Número de chamada, CALL (RLIN) (NR) P Year 2 700
Número Cutter local (OCLC); Número de classificação do livro, CALL (RLIN) COU
100 ## - ENTRADA PRINCIPAL--NOME PESSOAL
Nome pessoal Courtauld, Sarah
245 10 - TÍTULO
Título Museu impressionista ilustrado
Indicação de responsabilidade, etc. Sarah Courtauld & Kate Davies ; Ilustrações de Shirley Chiang . Tradução de Maria Elisa Bifano
260 ## - PUBLICAÇÃO, DISTRIBUIÇÃO, ETC.
Local de publicação, distribuição, etc. São Paulo, SP
Nome do editor, distribuidor, etc. Usborne
Data da publicação, distribuição, etc. 2018
300 ## - DESCRIÇÃO FÍSICA
Extensão 30 p.
Outros detalhes físicos col. ill.
520 ## - NOTA DE RESUMO, ETC
Resumo, etc. Este livro está recheado de famosas obras de pintores impressionistas. Você vai aprender sobre os pintores, as inspirações para suas artes e como eles influenciaram uns aos outros para produzir algumas das obras mais admiradas mundialmente. Lindas ilustrações das peças originais em cada página, além de detalhes de muitas obras.
697 ## - ENTRADA DE ASSUNTO LOCAL--ENTIDADE COLETIVA (RLIN)
Nome corporativo ou nome da jurisdição Museus
700 ## - ENTRADA ADICIONADA - NOME PESSOAL
Nome pessoal Davies, Kate.
Relacionamento autora
Nome pessoal Chiang, Shirley,
Função do autor por extenso ilustradora
856 ## - LOCALIZAÇÃO ELETRÔNICA E ACESSO
Uniform Resource Identifier <a href="000027/00002774.jpg">000027/00002774.jpg</a>
942 ## - ELEMENTOS DE ENTRADA ADICIONADOS (KOHA)
Tipo de material Koha Livros
Holdings
Situação do descarte Situação das perdas Fonte da classificação ou esquema de arquivamento na estante Situação física Não pode ser emprestado Biblioteca de origem Biblioteca atual Data de aquisição Total de empréstimos Número de chamada completo Código de barras Data de último acesso Data do preço efetivo Tipo de material Koha Devolução em Data do último empréstimo
    Classificação Decimal de Dewey     ECB - SUDOESTE ECB - SUDOESTE 22/12/2020   P Year 2 700 COU 00052259SSW 23/01/2024 23/01/2024 Livros    
    Classificação Decimal de Dewey     ECB - SUDOESTE ECB - SUDOESTE 22/12/2020   P Year 2 700 COU 00052260SSW 23/01/2024 23/01/2024 Livros    
    Classificação Decimal de Dewey     ECB - SUDOESTE ECB - SUDOESTE 22/12/2020   P Year 2 700 COU 00052261SSW 23/01/2024 23/01/2024 Livros    
    Classificação Decimal de Dewey     ECB - SUDOESTE ECB - SUDOESTE 22/12/2020   P Year 2 700 COU 00052262SSW 23/01/2024 23/01/2024 Livros    
    Classificação Decimal de Dewey     ECB - SUDOESTE ECB - SUDOESTE 22/12/2020   P Year 2 700 COU 00052263SSW 23/01/2024 23/01/2024 Livros    
    Classificação Decimal de Dewey     ECB - SUDOESTE ECB - SUDOESTE 22/12/2020   P Year 2 700 COU 00052264SSW 23/01/2024 23/01/2024 Livros    
    Classificação Decimal de Dewey     ECB - SUDOESTE ECB - SUDOESTE 22/12/2020 1 P Year 2 700 COU 00052265SSW 20/05/2024 23/01/2024 Livros 19/07/2024 20/05/2024
    Classificação Decimal de Dewey     ECB - SUDOESTE ECB - SUDOESTE 22/12/2020   P Year 2 700 COU 00052266SSW 23/01/2024 23/01/2024 Livros    
    Classificação Decimal de Dewey     ECB - ÁGUAS CLARAS ECB - ÁGUAS CLARAS 03/03/2021   AP Year 2 700 COU 00053701AGC 23/01/2024 23/01/2024 Livros    
    Classificação Decimal de Dewey     ECB - ÁGUAS CLARAS ECB - ÁGUAS CLARAS 03/03/2021   AP Year 2 700 COU 00053702AGC 23/01/2024 23/01/2024 Livros    
    Classificação Decimal de Dewey     ECB - ÁGUAS CLARAS ECB - ÁGUAS CLARAS 03/03/2021   AP Year 2 700 COU 00053703AGC 23/01/2024 23/01/2024 Livros    
    Classificação Decimal de Dewey     ECB - ÁGUAS CLARAS ECB - ÁGUAS CLARAS 03/03/2021   AP Year 2 700 COU 00053704AGC 23/01/2024 23/01/2024 Livros    
    Classificação Decimal de Dewey     ECB - ÁGUAS CLARAS ECB - ÁGUAS CLARAS 03/03/2021   AP Year 2 700 COU 00053705AGC 23/01/2024 23/01/2024 Livros    
    Classificação Decimal de Dewey     ECB - ÁGUAS CLARAS ECB - ÁGUAS CLARAS 03/03/2021   AP Year 2 700 COU 00053706AGC 23/01/2024 23/01/2024 Livros    
    Classificação Decimal de Dewey     ECB - ÁGUAS CLARAS ECB - ÁGUAS CLARAS 03/03/2021   AP Year 2 700 COU 00053707AGC 23/01/2024 23/01/2024 Livros    
    Classificação Decimal de Dewey     ECB - ÁGUAS CLARAS ECB - ÁGUAS CLARAS 19/10/2021 1 AP Year 2 700 COU 00055254AGC 25/06/2024 23/01/2024 Livros   29/05/2024
    Classificação Decimal de Dewey     ECB - ÁGUAS CLARAS ECB - ÁGUAS CLARAS 19/10/2021   AP Year 2 700 COU 00055255AGC 23/01/2024 23/01/2024 Livros    
    Classificação Decimal de Dewey     ECB - ÁGUAS CLARAS ECB - ÁGUAS CLARAS 19/10/2021   AP Year 2 700 COU 00055256AGC 23/01/2024 23/01/2024 Livros    
    Classificação Decimal de Dewey     ECB - ÁGUAS CLARAS ECB - ÁGUAS CLARAS 19/10/2021   AP Year 2 700 COU 00055257AGC 23/01/2024 23/01/2024 Livros    
    Classificação Decimal de Dewey     ECB - ÁGUAS CLARAS ECB - ÁGUAS CLARAS 19/10/2021   AP Year 2 700 COU 00055258AGC 23/01/2024 23/01/2024 Livros